| 000 | 00414nam a2200169Ia 4500 | ||
|---|---|---|---|
| 003 | GCL | ||
| 008 | 140319s9999 xx 000 0 eng d | ||
| 040 |
_aGCL / _cGCL |
||
| 082 | 0 | 4 |
_aCH _b627.8 _bC D |
| 100 | 1 | _aCOOPER, JASON | |
| 245 | 1 | 0 |
_aDAMS / _cCOOPER, JASON |
| 260 |
_a[S.N] : _bROURK ENTERPRISES ,INC ، _c1991 |
||
| 300 | _a24 P | ||
| 650 | 0 | 4 | _aDAMS |
| 650 | 0 | 4 | _aTECHNOLOGY - SCIENCE |
| 942 |
_2ddc _cBK |
||
| 999 |
_c13483 _d13483 |
||